Islamic art and culture : timeline and history /

The artistic achievements of the Islamic world chronicled over fourteen centuries.

محفوظ في:

المؤلف الرئيسي: Khalili, Nasser D.

التنسيق: كتاب

اللغة: English

منشور في: Cairo, Egypt : American University in Cairo Press, 2008.

الموضوعات:

الوسوم: إضافة وسم

لا توجد وسوم, كن أول من يضع وسما على هذه التسجيلة!

رقم الطلب: (F)N6260 .K44

LEADER 01378nam a22003257a 4500
003 OSt
005 20240215072315.0
008 240215r20082005ua a b 001 0 eng d
999 |c 56796  |d 56796 
035 |a (OCoLC)637213506 
040 |a JBU  |c JBU 
050 0 4 |a (F)N6260   |b .K44 
100 1 |a Khalili, Nasser D. 
245 1 0 |a Islamic art and culture :  |b timeline and history /  |c Nasser D. Khalili. 
260 |a Cairo, Egypt :  |b American University in Cairo Press,  |c 2008. 
300 |a 186 p. :  |b col. ill. ;  |c 33 cm. 
336 |2 rdacontent  |a text  |b txt 
337 |2 rdamedia  |a unmediated  |b n 
338 |2 rdacarrier  |a volume  |b n 
500 |a Originally published as: The Timeline History of Islamic Art and Architecture. -- Worth Press Ltd, 2005. 
500 |a Includes semi-detached compass card following p. 186. 
500 |a Dar el Kutub no.: 4356/08. 
504 |a Includes bibliographical references (p. 180-182) and index. 
505 0 |a Major historical and cultural sites of the Islamic world -- Major Islamic dynasties -- Timeline of Islamic art and architecture -- The history of Islamic art and architecture. 
520 |a The artistic achievements of the Islamic world chronicled over fourteen centuries. 
650 0 |a Islamic art  |x History. 
650 0 |a Islamic architecture  |x History. 
651 0 |a Islamic Empire  |x History. 
901 |a reviewed 
942 |2 lcc  |c BK